UBT Library

Calculus for business, economics, life sciences, and social sciences / (Record no. 44203)

000 -LEADER
fixed length control field 00891cam a2200265 i 4500
001 - CONTROL NUMBER
control field 17808632
005 - DATE AND TIME OF LATEST TRANSACTION
control field 20180306082344.0
008 - FIXED-LENGTH DATA ELEMENTS--GENERAL INFORMATION
fixed length control field 130711s2015 maua b 001 0 eng
010 ## - LIBRARY OF CONGRESS CONTROL NUMBER
LC control number 2013023206
020 ## - INTERNATIONAL STANDARD BOOK NUMBER
International Standard Book Number 9780321869838
020 ## - INTERNATIONAL STANDARD BOOK NUMBER
International Standard Book Number 0321869834
040 ## - CATALOGING SOURCE
Original cataloging agency DLC
Language of cataloging eng
Transcribing agency DLC
Description conventions rda
Modifying agency DLC
041 ## - LANGUAGE CODE
Language code of text/sound track or separate title eng
042 ## - AUTHENTICATION CODE
Authentication code pcc
080 ## - UNIVERSAL DECIMAL CLASSIFICATION NUMBER
Universal Decimal Classification number 515 BAR
082 00 - DEWEY DECIMAL CLASSIFICATION NUMBER
Classification number 515 BAR
Edition number 23
100 1# - Rafti
Rafti 36
101 ## - Shkurtesa
Shkurtesa MAT
245 10 - TITLE STATEMENT
Title Calculus for business, economics, life sciences, and social sciences /
Statement of responsibility, etc Raymond A. Barnett, Merritt College, Michael R. Ziegler, Marquette University, Karl E. Byleen, Marquette University.
246 3# - VARYING FORM OF TITLE
Title proper/short title Calculus
504 ## - BIBLIOGRAPHY, ETC. NOTE
Bibliography, etc Includes bibliographical references and index.
906 ## - LOCAL DATA ELEMENT F, LDF (RLIN)
a 7
b cbc
c orignew
d 1
e ecip
f 20
g y-gencatlg
942 ## - ADDED ENTRY ELEMENTS (KOHA)
Source of classification or shelving scheme
Item type Books
Holdings
Withdrawn status Lost status Source of classification or shelving scheme Damaged status Not for loan Collection code Permanent location Current location Shelving location Date acquired Total Checkouts Full call number Barcode Date last seen Price effective from Koha item type
          Koleksioni i përgjithshem UBT - Lipjan UBT - Lipjan Koleksioni i përgjithshem 03/06/2018   515 BAR 002-3000710 03/06/2018 03/06/2018 Books
UBT Library © 2015-2024. All rights reserved University Education for Business and Technology